Фильмы разных стран - Statistics

General Stats
  • This quiz has been taken 33 times
  • The average score is 14 of 20
Answer Stats
Фильм Страна % Correct
Оборона Севастополя Российская империя
93%
Чунгкингский экспресс Гонконг
93%
Семь самураев Япония
93%
Паразиты Южная Корея
89%
Укрощение строптивого Италия
89%
Мир на проводе Германия
89%
Земляничная поляна Швеция
86%
Житие Брайана Великобритания
82%
Безумный Макс Австралия
79%
400 ударов Франция
79%
Пепел и алмаз Польша
75%
RRR Индия
71%
Рассекая волны Дания
68%
Клык Греция
57%
Забавные игры Австрия
54%
Что мы делаем в тенях Новая Зеландия
50%
Студент Казахстан
50%
Класс Эстония
46%
Честь дракона Таиланд
46%
Кто убил капитана Алекса? Уганда
21%
No matching quizzes found
Score Distribution
Percent of People with Each Score
Percentile by Number Answered
Your Score History
You have not taken this quiz